HEART SEER : (Record no. 203750)
[ view plain ]
| 000 -LEADER | |
|---|---|
| fixed length control field | 01792nam a2200301 i 4500 |
| 003 - CONTROL NUMBER IDENTIFIER | |
| control field | OSt |
| 005 - DATE AND TIME OF LATEST TRANSACTION | |
| control field | 20260408122944.0 |
| 008 - FIXED-LENGTH DATA ELEMENTS--GENERAL INFORMATION | |
| fixed length control field | 260408s2024 enkab jr 000 1 may d |
| 020 ## - INTERNATIONAL STANDARD BOOK NUMBER | |
| International Standard Book Number | 9781803707372 |
| Terms of availability | RM 45.50 |
| Qualifying information | paperback |
| 040 ## - CATALOGING SOURCE | |
| Original cataloging agency | PPAK |
| Language of cataloging | eng |
| Transcribing agency | PPAK |
| Description conventions | rda |
| 082 04 - DEWEY DECIMAL CLASSIFICATION NUMBER | |
| Edition number | 23 |
| Classification number | 823.92 |
| 090 00 - LOCALLY ASSIGNED LC-TYPE CALL NUMBER (OCLC); LOCAL CALL NUMBER (RLIN) | |
| Classification number (OCLC) (R) ; Classification number, CALL (RLIN) (NR) | 823.92 |
| Feature heading | FOX |
| Feature heading | K |
| 100 1# - MAIN ENTRY--PERSONAL NAME | |
| Personal name | Foxwood, Rowan, |
| Relator term | author. |
| 245 10 - TITLE STATEMENT | |
| Title | HEART SEER : |
| Remainder of title | The Tale of ANISE STAR / |
| Statement of responsibility, etc. | ROWAN FOXWOOD |
| 264 #1 - PRODUCTION, PUBLICATION, DISTRIBUTION, MANUFACTURE, AND COPYRIGHT NOTICE | |
| Place of production, publication, distribution, manufacture | London : |
| Name of producer, publisher, distributor, manufacturer | Usborne Publishing Limited, |
| Date of production, publication, distribution, manufacture, or copyright notice | 2024 |
| 300 ## - PHYSICAL DESCRIPTION | |
| Extent | 315 pages : |
| Other physical details | illustrations, maps ; |
| Dimensions | 20 cm |
| 336 ## - CONTENT TYPE | |
| Content type term | text |
| Source | rdacontent |
| 337 ## - MEDIA TYPE | |
| Media type term | unmediated |
| Source | rdamedia |
| 338 ## - CARRIER TYPE | |
| Carrier type term | volume |
| Source | rdacarrier |
| 520 ## - SUMMARY, ETC. | |
| Summary, etc. | There are more deities and daemons in the world than stars in the sky. But only Heartseers like Anise Star can see them - because only they still believe... Anise's job is to help humans and daemons live happily together. But when the villainous Mr Babbitt tries to steal her home in the White Woods and drive the daemons out, she is forced to travel to the capital to ask the High King for help. First, though, she'll have to convince him that daemons still exist. Accompanied by loyal daemon-dog Wolf, Anise sets out on a spellbinding and treacherous journey, meeting magical musician Robin and fox god Whin, and facing the cunning Magpie Queen and a deadly poisonous ink monster. In the midst of her battles she learns that it's not just the daemons of the White Wood she must save, but all the daemons of the world |
| 650 10 - SUBJECT ADDED ENTRY--TOPICAL TERM | |
| Topical term or geographic name entry element | Interpersonal relations |
| Form subdivision | Juvenile fiction. |
| Topical term or geographic name entry element | Demonology |
| Form subdivision | Juvenile fiction |
| Topical term or geographic name entry element | Good and evil |
| Form subdivision | Juvenile fiction |
| Topical term or geographic name entry element | Monsters |
| Form subdivision | Juvenile fiction |
| Topical term or geographic name entry element | Magic |
| Form subdivision | Juvenile fiction |
| 655 #7 - INDEX TERM--GENRE/FORM | |
| Genre/form data or focus term | Fantasy fiction. |
| 942 ## - ADDED ENTRY ELEMENTS (KOHA) | |
| Source of classification or shelving scheme | Dewey Decimal Classification |
| Koha item type | Book |
| Withdrawn | Not for loan | Current library | Shelving location | Date acquired | Total Checkouts | Full call number | Barcode | Date last seen | Koha item type |
|---|---|---|---|---|---|---|---|---|---|
| Perpustakaan Alor Setar | Pinjaman Kanak-kanak | 09/04/2026 | K 823.92 FOX | A01910116 | 09/04/2026 | Book | |||
| Perpustakaan Awam Sungai Petani | Pinjaman Kanak-kanak | 09/04/2026 | K 823.92 FOX | A01910117 | 09/04/2026 | Book |